| 000 | 01752cam a2200397 a 4500 | ||
|---|---|---|---|
| 001 | 16454851 | ||
| 003 | OSt | ||
| 005 | 20180117085941.0 | ||
| 008 | 100908s2011 nyu b 001 0 eng | ||
| 010 | _a 2010038394 | ||
| 020 | _a9780415885577 (hardcover : alk. paper) | ||
| 020 | _a9780415885584 (pbk. : alk. paper) | ||
| 035 | _a(DNLM)101539954 | ||
| 040 |
_aDNLM/DLC _cDLC _dDLC |
||
| 042 | _apcc | ||
| 050 | 0 | 0 |
_aRJ504 _b.T83 2011 |
| 060 | 1 | 0 | _aWS 350.2 |
| 082 | 0 | 0 |
_a618.92/8914 _222 |
| 100 | 1 |
_aTuber, Steven, _d1954- |
|
| 245 | 1 | 0 |
_aStarting treatment with children and adolescents : _ba process-oriented guide for therapists / _cSteven Tuber and Jane Caflisch. |
| 260 |
_aNew York : _bRoutledge, _cc2011. |
||
| 300 |
_axv, 308 p. ; _c23 cm. |
||
| 504 | _aIncludes bibliographical references (p. 295) and index. | ||
| 505 | 0 | _aSetting the frame for psychologically minded treatment -- A 13-year-old boy -- A 7-year-old boy -- A 9-year-old girl -- A 14-year-old boy -- A 9-year-old girl -- A 9-year-old girl -- A 5-year-old girl -- A 9-year-old girl -- A 5-year-old boy -- A 7-year-old girl -- An 11-year-old girl -- A 7-year-old boy. | |
| 650 | 0 |
_aChild psychotherapy _vCase studies. |
|
| 650 | 0 |
_aAdolescent psychotherapy _vCase studies. |
|
| 650 | 1 | 2 |
_aPsychotherapy _vCase Reports. |
| 650 | 2 | 2 | _aAdolescent. |
| 650 | 2 | 2 | _aChild. |
| 650 | 2 | 2 |
_aPsychotherapeutic Processes _vCase Reports. |
| 700 | 1 | _aCaflisch, Jane M. | |
| 906 |
_a7 _bcbc _corignew _d1 _eecip _f20 _gy-gencatlg |
||
| 942 |
_2ddc _cBK |
||
| 999 |
_c2436 _d2436 |
||